000 00254nam a2200097Ia 4500
008 220204s9999 xx 000 0 und d
082 _aNR:047 '1985'
_bANR.11
245 0 _aReport of the eleventh assembly of the ANRPC
260 _aANRPC
_c1985
942 _cBK
999 _c43521
_d43521